Význam poľnohospodárstva v súčasnosti a využitie Industry 4.0 v tomto segmente

Šírenie koronavírusu, jeho hrozby a možné vplyvy ako aktuálny problém, ktorý rozvinie hospodársku krízu. Problematika poľnohospodárstva a potreba rozvoja agrosektoru a potravinárstva v súčasnej situácii ako je problém koronakrízy a otázka potravinovej sebestačnosti. Prínosy poľnohospodárstva. Prepoj...

Descrizione completa

Salvato in:
Dettagli Bibliografici
Autore principale: Záležáková, Eliška
Natura: Capitolo di libro
Lingua:slovacco
Soggetti:
Tags: Aggiungi Tag
Nessun Tag, puoi essere il primo ad aggiungerne!!

MARC

LEADER 00000naa$a2200000$$$4500
001 0269504
005 20240502074226.0
041 0 |a slo 
044 |a SK 
245 1 0 |a Význam poľnohospodárstva v súčasnosti a využitie Industry 4.0 v tomto segmente 
520 |a Šírenie koronavírusu, jeho hrozby a možné vplyvy ako aktuálny problém, ktorý rozvinie hospodársku krízu. Problematika poľnohospodárstva a potreba rozvoja agrosektoru a potravinárstva v súčasnej situácii ako je problém koronakrízy a otázka potravinovej sebestačnosti. Prínosy poľnohospodárstva. Prepojenie Industry 4.0 s poľnohospodárstvom a biohospodárstvom. Prezentácia možností a využitie potenciálu technológií a inovácií v tomto sektore. 
610 2 0 |a poľnohospodárstvo 
610 2 0 |a potravinárstvo 
610 2 0 |a družstvá poľnohospodárske 
610 2 0 |a podnik poľnohospodársky 
610 2 0 |a technológie nové 
610 2 0 |a sebestačnosť potravinová 
610 2 0 |a koronavírus 
100 1 |a Záležáková, Eliška